Reevaluating Bethel
| Authors: | ; |
|---|---|
| Format: | Print Article |
| Language: | English |
| Check availability: | HBZ Gateway |
| Interlibrary Loan: | Interlibrary Loan for the Fachinformationsdienste (Specialized Information Services in Germany) |
| Published: |
2009
|
| In: |
Zeitschrift des Deutschen Palästina-Vereins
Year: 2009, Volume: 125, Issue: 1, Pages: 33-48 |
| Standardized Subjects / Keyword chains: | B
Bethel
/ Biblical archaeology
|
| IxTheo Classification: | HB Old Testament HH Archaeology |
| Further subjects: | B
Archaeology
B Bethel |
MARC
| LEADER | 00000caa a22000002c 4500 | ||
|---|---|---|---|
| 001 | 1646200365 | ||
| 003 | DE-627 | ||
| 005 | 20220616124009.0 | ||
| 007 | tu | ||
| 008 | 160405s2009 xx ||||| 00| ||eng c | ||
| 035 | |a (DE-627)1646200365 | ||
| 035 | |a (DE-576)466942079 | ||
| 035 | |a (DE-599)BSZ466942079 | ||
| 040 | |a DE-627 |b ger |c DE-627 |e rakwb | ||
| 041 | |a eng | ||
| 084 | |a 1 |a 0 |2 ssgn | ||
| 100 | 1 | |0 (DE-588)10370390X |0 (DE-627)517286246 |0 (DE-576)288887506 |4 aut |a Finḳelshṭayn, Yiśraʾel |d 1949- | |
| 109 | |a Finḳelshṭayn, Yiśraʾel 1949- |a Finḳelshṭeyn, Yiśraʾel 1949- |a Finḳelshṭein, Yiśraʾel 1949- |a Finḳelshṭain, Yiśraʾel 1949- |a Fînqelštâyn, Yiśrā'ēl 1949- |a Fînqelšṭeyn, Yiśrāʾēl 1949- |a Finkelstein, Israel 1949- |a Finqelšṭejn, Jiśraʾel 1949- |a Finqelšṭain, Yiśrā'ēl 1949- |a Finkelstein, Israël 1949- | ||
| 245 | 1 | 0 | |a Reevaluating Bethel |
| 264 | 1 | |c 2009 | |
| 336 | |a Text |b txt |2 rdacontent | ||
| 337 | |a ohne Hilfsmittel zu benutzen |b n |2 rdamedia | ||
| 338 | |a Band |b nc |2 rdacarrier | ||
| 650 | 0 | 7 | |0 (DE-588)4002827-6 |0 (DE-627)104459425 |0 (DE-576)208848878 |a Archäologie |2 gnd |
| 651 | 7 | |0 (DE-588)4006099-8 |0 (DE-627)106378546 |0 (DE-576)208864334 |a Bethel |2 gnd | |
| 652 | |a HB:HH | ||
| 689 | 0 | 0 | |d g |0 (DE-588)4006099-8 |0 (DE-627)106378546 |0 (DE-576)208864334 |2 gnd |a Bethel |
| 689 | 0 | 1 | |d s |0 (DE-588)4006471-2 |0 (DE-627)106377442 |0 (DE-576)208865667 |2 gnd |a Biblische Archäologie |
| 689 | 0 | |5 (DE-627) | |
| 700 | 1 | |a Singer-Avitz, Lily |4 aut | |
| 773 | 0 | 8 | |i In |a Deutscher Verein zur Erforschung Palästinas |t Zeitschrift des Deutschen Palästina-Vereins |d Wiesbaden : Harrassowitz [in Komm.], 1878 |g 125(2009), 1, Seite 33-48 |w (DE-627)129457280 |w (DE-600)200053-2 |w (DE-576)014820641 |x 0012-1169 |7 nnas |
| 773 | 1 | 8 | |g volume:125 |g year:2009 |g number:1 |g pages:33-48 |
| 935 | |a mteo |a BIIN | ||
| 951 | |a AR | ||
| BIB | |a 1 | ||
| ELC | |b 1 | ||
| ITA | |a 1 |t 1 | ||
| LOK | |0 000 xxxxxcx a22 zn 4500 | ||
| LOK | |0 001 3317241063 | ||
| LOK | |0 003 DE-627 | ||
| LOK | |0 004 1646200365 | ||
| LOK | |0 005 20160405152235 | ||
| LOK | |0 008 160404||||||||||||||||ger||||||| | ||
| LOK | |0 040 |a DE-Tue135 |c DE-627 |d DE-Tue135 | ||
| LOK | |0 092 |o n | ||
| LOK | |0 852 |a DE-Tue135 | ||
| LOK | |0 852 1 |9 00 | ||
| LOK | |0 935 |a ixzs |a ixmi | ||
| LOK | |0 936ln |0 1442044187 |a HH | ||
| LOK | |0 936ln |0 1442044128 |a HB | ||
| LOK | |0 939 |a 04-04-16 |b l01 | ||
| LOK | |0 000 xxxxxcx a22 zn 4500 | ||
| LOK | |0 001 331724108X | ||
| LOK | |0 003 DE-627 | ||
| LOK | |0 004 1646200365 | ||
| LOK | |0 005 20210406173749 | ||
| LOK | |0 008 190311||||||||||||||||ger||||||| | ||
| LOK | |0 035 |a (DE-Tue135-1)193098 | ||
| LOK | |0 040 |a DE-Tue135-1 |c DE-627 |d DE-Tue135-1 | ||
| LOK | |0 852 |a DE-Tue135-1 | ||
| LOK | |0 852 1 |m p |9 00 | ||
| LOK | |0 852 2 |b FTH Z4-931 / www |9 00 | ||
| LOK | |0 8564 |u https://bibsearch.uibk.ac.at/AC00348629 | ||
| LOK | |0 8564 |u https://bibsearch.uibk.ac.at/permalink/f/fovelg/UIB_alma51202175070003333 | ||
| LOK | |0 935 |a iZSA | ||
| LOK | |0 936ln |0 1442044187 |a HH | ||
| LOK | |0 938 |k p | ||
| LOK | |0 939 |a 11-03-19 |b l12 | ||
| ORI | |a SA-MARC-ixtheoa001.raw | ||
| REL | |a 1 | ||
| STA | 0 | 0 | |a Archaeology,Archaeology,Archeology,Bethel,Biblical archaeology |
| STB | 0 | 0 | |a Archéologie biblique,Archéologie,Archéologie |
| STC | 0 | 0 | |a Arqueología bíblica,Arqueología,Arqueología |
| STD | 0 | 0 | |a Archeologia biblica,Archeologia,Archeologia |
| STE | 0 | 0 | |a 圣经考古学,考古学,考古学 |
| STF | 0 | 0 | |a 考古學,考古學,聖經考古學 |
| STG | 0 | 0 | |a Arqueologia bíblica,Arqueologia,Arqueologia |
| STH | 0 | 0 | |a Археология (мотив),Археология,Библейская археология |
| STI | 0 | 0 | |a Αρχαιολογία (μοτίβο),Αρχαιολογία,Βιβλική αρχαιολογία |
| SUB | |a BIB |a REL | ||
| SYE | 0 | 0 | |a Archaeology,Altertumskunde |
| SYF | 0 | 0 | |a Betel,Bet-El |
| SYG | 0 | 0 | |a Betel,Bet-El , Archäologie,Biblische Altertumskunde |